000 01021nmc a2200349 a 4500
003 AR-BaBNM
005 20251128205242.0
008 127019s1989 ||||||||||||||000 | spa||
020 _a950-721-001-0
040 _cAR-BaBNM
100 1 _aCarrillo, Joaquín
245 1 0 _aApuntes de su historia civil con muchos documentos
260 _aSan Salvador de Jujuy
_bUniversidad Nacional de Jujuy
_c1989
300 0 _a460 p.
490 0 _aArte-ciencia. Jujuy en el pasado
600 1 4 _aGüemes, Martín Miguel de
_d1785-1821
600 1 4 _aLavalle, Juan
_d1797-1841
600 0 4 _aAraoz
600 0 4 _aBustos
650 4 _aHISTORIA ARGENTINA
650 4 _aHISTORIA JUJENA
650 4 _aPERIODO INDEPENDIENTE
650 4 _aEXODO JUJENO
650 4 _aGUERRAS CIVILES ARGENTINAS
650 4 _aGUERRAS DE LA INDEPENDENCIA
650 4 _aPERIODO HISPANICO
653 0 _aGAUCHOS
700 1 _aCicarelli, Vicente E.
_eprologuista
710 2 _aUniversidad Nacional de Jujuy
942 _cBK
998 _cmariana
999 _c10599
_d10599